| 000 | 00697nam a22002297a 4500 | ||
|---|---|---|---|
| 999 |
_c3404 _d3404 |
||
| 001 | 13993 | ||
| 003 | BD-DhUAP | ||
| 005 | 20210127122457.0 | ||
| 008 | 200304r19911986ii a|||| |||| 001 0 eng d | ||
| 020 | _a8185614334 | ||
| 040 |
_aBD-DhUAP _bEng _cBD-DhUAP _dBD-DhUAP |
||
| 082 |
_223 _a621.312 DES |
||
| 100 | _aDeshpande, M. V. | ||
| 245 |
_aElements of electrical power station design / _cM. V. Deshpande. |
||
| 250 | _a3rd ed. | ||
| 260 |
_aAllahabad : _bWheeler, _cc1986 [Reprinted 1991]. |
||
| 300 |
_a630 pages : _billustrations ; _c21 cm. |
||
| 500 | _aIncludes index. | ||
| 650 |
_aElectric power-plants _vDesign and construction. |
||
| 650 | _aElectric power-plants. | ||
| 942 |
_2ddc _cBK |
||